| 000 | 01581nam0a2200325 4500 | ||
|---|---|---|---|
| 001 | RU\NLR\b_ik\104399 | ||
| 005 | 20250616225157.0 | ||
| 035 | _a(NLR Aleph) 002178247 | ||
| 090 |
_a2747533 _c2747533 |
||
| 100 | _a20031217d2002 |||y0rusy50 ca | ||
| 101 | 0 |
_aeng _drus |
|
| 102 | _aRU | ||
| 105 | _aa ||||||||| | ||
| 200 | 1 |
_aThe sputtering of the deformed gold under irradiation with krypton swift heavy ions _fA.Yu. Didyk, A. Hofman, V.K. Semina |
|
| 210 |
_aДубна _cОИЯИ _d2002 |
||
| 215 |
_a14, [1] с. _cил. _d22 |
||
| 225 | 1 |
_aОбъединенный институт ядерных исследований, Дубна _vЕ14-2002-270 |
|
| 300 | _aНа 3-й с. обл.: Распыление деформированного золота при облучении быстрыми тяжелыми ионами криптона / Дидык А.Ю., Хофман А., Семина В.К. | ||
| 300 | _aРез. на рус. яз. | ||
| 320 | _aБиблиогр. в конце кн. (34 назв.) | ||
| 517 | 0 | _aРаспыление деформированного золота при облучении быстрыми тяжелыми ионами криптона | |
| 606 | 0 |
_aЗолото _xРаспыление ионами криптона _91179699 _3RU\NLR\AUTH\66474541 |
|
| 686 | 4 | _aК234.109.1 | |
| 700 | 1 |
_aDidyk _bA. Yu. _gAleksandr Jur'evič _4070 |
|
| 701 | 1 |
_aHofman _bA. _4070 |
|
| 701 | 1 |
_aSemina _bV. K. _gVera Kirillovna _4070 |
|
| 801 | 0 |
_aRU _bNLR _c20031217 _gPSBO |
|
| 942 | _cBOOK | ||
| 980 | _aNB | ||